| 000 | 00397cam a22001217a 4500 | ||
|---|---|---|---|
| 008 | 180718b1972 xxu||||| |||| 00| 0 eng d | ||
| 082 | _aA75 Or4D | ||
| 245 |
_aOrissa district gazetteers: Dhenkahal _cedited by Nilamani Senapati and Premananda Tripathy |
||
| 260 |
_aBhubaneswar _bOrissa District Gazetteers _c1972 |
||
| 300 | _a487+p. | ||
| 700 | _atripathy, Premananda | ||
| 700 | _aSenapti, Nilamani | ||
| 999 |
_c487377 _d487377 |
||